Giáo trình Quản trị chiến lược = Strategic management

Nội dung sách xác định mục tiêu, mục đích kinh doanh, chiến lựoc và phạm vi chiến lựoc kinh doanh.

Enregistré dans:
Détails bibliographiques
Auteur principal: Lê, Nguyễn Đoan Khôi
Format: Livre
Langue:Undetermined
Publié: Cần Thơ Nxb. Đại học Cần Thơ 2013
Sujets:
Tags: Ajouter un tag
Pas de tags, Soyez le premier à ajouter un tag!
Thư viện lưu trữ: Trung tâm Học liệu Trường Đại học Cần Thơ
LEADER 00853nam a2200217Ia 4500
001 CTU_179655
008 210402s9999 xx 000 0 und d
020 |c 31000 
082 |a 658.4012 
082 |b Kh452 
100 |a Lê, Nguyễn Đoan Khôi 
245 0 |a Giáo trình Quản trị chiến lược = 
245 0 |b Strategic management 
245 0 |c Lê Nguyễn Đoan Khôi (chủ biên),...[et al.] 
260 |a Cần Thơ 
260 |b Nxb. Đại học Cần Thơ 
260 |c 2013 
520 |a Nội dung sách xác định mục tiêu, mục đích kinh doanh, chiến lựoc và phạm vi chiến lựoc kinh doanh. 
650 |a Strategic planning,Kế hoạch chiến lược 
904 |i Tuyến, Lê Thị Cẩm Giang 
980 |a Trung tâm Học liệu Trường Đại học Cần Thơ